Statistiques concernant Les pays contenant entre 50 % et 60 % de protestants

Cliquez ici pour prendre le quiz!

Statistiques générales

  • Ce quiz a été pris 7 fois
  • Le résultat moyen est 2 sur 6

Statistiques - réponses

Hint Answer % Correct
56,35 %États-Unis
100%
51,90 %Zambie
14%
56,37 %Kenya
14%
57,99 %Botswana
14%
59,03 %Zimbabwe
14%
59,46 %Nouvelle-Zélande
14%

Distribution des résultats

Percentile by Number Answered

% des personnes avec chaque résultat

Votre développement - résultats

Vous n’avez pas pris ce quiz